| 000 | 00791nam a2200241 a 4500 | ||
|---|---|---|---|
| 999 |
_c1301 _d1301 |
||
| 005 | 20200104041520.0 | ||
| 008 | 140226b1993 ck ||||| |||| 00| 0 spa d | ||
| 040 |
_aCO-BoIAVH _cCO-BoIAVH |
||
| 041 | _aspa | ||
| 044 | _ack | ||
| 090 |
_aIND-I _b67 |
||
| 110 | 1 | _bInderena | |
| 245 | 1 |
_aSituación actual y estrategias para la investigación forestal en el Inderena basada en el desarrollo sostenido _bmemorias del taller de Iguaque |
|
| 260 |
_aIguaque (Boyacá) _bInderena _c1993 |
||
| 300 |
_a85 paginas _b28 x 22 |
||
| 650 | 1 | 4 | _aInvestigación científica |
| 650 | 1 | 4 | _aRecursos forestales |
| 650 | 1 | 4 | _aDesarrollo sostenible |
| 650 | _aManejo forestal | ||
| 650 | 1 | 4 | _aAprovechamiento forestal |
| 662 | _aColombia | ||
| 942 |
_cINFORME _2z |
||